[Event "BRA-ch Amateur"]
[Site "Goiania"]
[Date "2012.02.19"]
[Round "4"]
[White "Lopes, Marcos Alves"]
[Black "Costa, Samir Hejazi"]
[Result "1-0"]
[WhiteElo "1847"]
[BlackElo "1882"]
[PlyCount "53"]
[EventDate "2012.02.18"]
[EventType "swiss"]
[EventRounds "7"]
[EventCountry "BRA"]
[SourceTitle "CBM 147 Extra"]
[Source "ChessBase"]
[SourceDate "2012.04.24"]
[SourceVersion "1"]
[SourceVersionDate "2012.04.24"]
[SourceQuality "1"]

1. e4 e6 2. d4 d5 3. exd5 exd5 4. Nf3 Bg4 5. Be2 Bd6 6. 0-0 c6 7. Re1 Ne7 8. Nbd2 Qc7 9. h3 Bh5 10. Nf1 Nd7 11. b3 0-0-0 12. c4 dxc4 13. bxc4 Nf6 14. Qa4 Kb8 15. Rb1 Ne4 16. Qb3 Nc8 17. c5 Be7 18. Ba6 b5 19. Rxe4 Qa5 20. Bxc8 Kxc8 21. Rxe7 Rhe8 22. Bd2 Qa6 23. Rbe1 Rxe7 24. Rxe7 Kb8 25. Bf4+ Ka8 26. N1d2 Qa5 27. Bc7 1-0